| 000 | 00924nam a22002057a 4500 | ||
|---|---|---|---|
| 999 |
_c9010 _d9010 |
||
| 003 | AR-CdUCM | ||
| 008 | 190327b ||||| |||| 00| 0 spa d | ||
| 040 |
_aMUNICIPALIDAD PROVINCIAL DEL CUSCO _cBIBLIOTECA MUNICIPAL DEL CUSCO |
||
| 082 |
_a394.265 / _bY13 |
||
| 100 |
_aYaco, Luis _924947 |
||
| 245 |
_aEl Cristo de Los Andes : _bSr de Torrechayoq / |
||
| 260 |
_aCusco - Perú : _bIndustria Gráfica Publicitaria Graficolors ; _c2016. |
||
| 300 |
_a280 páginas ; _bFotografías _c21cm |
||
| 505 | _aContenido: Antecedentes históricos de la adoración a la Cruz en el Valle Sagrado de los Incas -- La sagrada cruz del señor de Torrechayoq -- La festividad de la sagrada cruz del señor de Torrechayoq -- Las danzas folklóricas del señor de Torrechayoq... | ||
| 650 |
_aTorrechayoq _924948 |
||
| 650 |
_aFestividad Valle Sagrado _924949 |
||
| 650 |
_aReligión andina _96633 |
||
| 942 |
_2ddc _cLIBROS |
||
| 945 | _anom | ||